Ratatouille Vegetables Quiz Stats

 Plays Quiz not verified by Sporcle

Challenge
Share
Tweet
Embed
Score 0/8 Timer 10:00
0 Plays Today
Vegetable % Correct
Tomato
82.5%
Yellow Onion
72.1%
Courgette
69%
Aubergine
64.1%
Garlic
43.6%
Red Pepper
43.3%
Yellow Pepper
38.3%
Orange Pepper
33.7%

You're not logged in!

Compare scores with friends on all Sporcle quizzes.
Join for Free
OR
Log In

You Might Also Like...

Show Comments

Extras

Top Quizzes Today


Score Distribution

Your Account Isn't Verified!

In order to create a playlist on Sporcle, you need to verify the email address you used during registration. Go to your Sporcle Settings to finish the process.

Report this User

Report this user for behavior that violates our Community Guidelines.

Details: